00874nam a22001815i 4500001000700000003000900007005001700016008004100033040002000074100001800094245017100112260005200283300002800335490013000363650003300493830013000526852003600656159867ES-MaACL20230906211837.0040927s1875 fr |||| | fre d aCAM bspa cCAM1 aMoisy, Henri.10aNoms de famille normands b: étudiés dans leurs rapports avec la vieille langua et spéciealement avec le dialecte normand ancien et moderne / cpar Henri Moisy. aParis : bF. Vieweg libraire éditeur, c1875. aXXIV, 448 p. ; c22 cm.1 aRecueil de travaux originaux ou traduits relatifs a la philologie et a l'histoire littéraire. Collection philologique ; v6 4aLengua francesa-xDialectos.0 aRecueil de travaux originaux ou traduits relatifs a la philologie et a l'histoire littéraire. Collection philologique ; v6 aES-MaACLjC-6763 z-- Enc. hol.